000 00433nam a2200157Ia 4500
008 240729s9999 xx 000 0 und d
022 _a1179-8467
245 0 _aSubstance Abuse and Rehabilitation
260 _aUnited Kingdom
260 _bDove Medical Press
650 _a Public aspects of medicine
650 _aMedicine
856 _uhttps://doaj.org/toc/56077a5d34674cc784d2cee99533f2fe
942 _2ddc
942 _cDOAJEJ
999 _c73611
_d73611
945 _a1
_bMadushi Gamage
_c1
_dMadushi Gamage